000
00239nam a22000857a 4500
008
231201b |||||||| |||| 00| 0 eng d
020
_a
978935559647
100
_a
MTG Learning Media ltd.
_9
7730
245
_a
Bilogy Class 12 CBSE 15 Sample Papers
999
_c
12474
_d
12474